000
00296nam a2200133Ia 4500
100
_a
Uyemura/John P
942
_c
BK
654
_a
digital
245
_a
First course in digital system design
260
_b
Thomsan Learning
_c
2000
082
_a
621.395
_b
UYE
300
_a
495
546
_a
ENGLISH
999
_c
31156
_d
31156